00561nam a22001817a 450000500170000001000150001702000260003203500140005803700130007208200150008524501060010026000460020627000420025230000200029470000210031470000220033570000220035720221208113602.0 aENG-135786 a9788181713346c900.00 aEN-119318 bDBAD/PUB a591.680954 aEndemic Animals of India (Vertebrates)/cEd by K. Venkataraman, A. Vhattopadhyay and K.A. Subramanian aKolkatabZoological Survey of Indiac2013 aM-Block, New AliporebKolkatae700071 a238p.c28cm(hb) aVenkataraman, K. aChattopadhyay, A. aSubramanian, K.A.